Modernización del control de los presupuestos gubernativos: aplicación de la cooperación técnica al mejoramiento de la administración de los presupuestos de los gobiernos de los países en desarrollo

Uloženo v:
Podrobná bibliografie
Korporativní autor: Centro Regional de Ayuda Técnica (Autor)
Médium: Kniha
Jazyk:španělština
Vydáno: Ciudad de México Centro Regional de Ayuda Técnica 1970
Vydání:4a. ed
Témata:
Tagy: Přidat tag
Žádné tagy, Buďte první, kdo vytvoří štítek k tomuto záznamu!

MARC

LEADER 00000nam a2200000 a 4500
001 UCS1040
003 CL-VaPUC
008 970506e19700000MX |||||||||||||||||spa|d
082 0 4 |a 339.523  |b CEN  |2 21 
110 2 |a Centro Regional de Ayuda Técnica  |e author  |9 385054 
245 1 0 |a Modernización del control de los presupuestos gubernativos: aplicación de la cooperación técnica al mejoramiento de la administración de los presupuestos de los gobiernos de los países en desarrollo 
250 |a 4a. ed 
300 |a 117 p 
942 |c BK 
945 |d 19970506 00:00:00  |a lriquelm 
260 |a Ciudad de México  |b Centro Regional de Ayuda Técnica  |c 1970 
650 0 |a Presupuestos  |9 262669 
650 7 |a PRESUPUESTO NACIONAL  |2 CL-VaPUC  |9 338436 
650 0 |a Desarrollo económico y social   |9 256320 
650 0 |a Política fiscal  |9 317354 
583 |a last modification  |c 19970506 00:00:00  |k Rodrigo Vera 
999 |c 259151  |d 259149 
952 |0 0  |1 0  |4 0  |6 339_523000000000000_CEN_1970  |7 0  |8 P  |9 283736  |a BIBDER  |b BIBDER  |d 2019-11-19  |i 1840355  |o 339.523 CEN 1970  |p 1840355  |r 2023-01-25  |w 2019-11-19  |y BK  |k DER 
952 |0 0  |1 0  |4 0  |6 339_523000000000000_CEN_1970  |7 0  |8 A  |9 283737  |a BIBGIM  |b BIBGIM  |d 2019-11-19  |i 1996673  |o 339.523 CEN 1970  |p 1996673  |r 2025-01-15  |w 2019-11-19  |y BK  |k COM